000 00369nam a2200157Ia 4500
008 221030s9999 xx 000 0 und d
020 _a0070531413
041 _aEnglish
082 _a105.23
100 _aP. Hanna
245 0 _aJSP 2.0 : The Complete Reference
_cby P. Hanna
260 _bTMH
_aNew Delhi
_c2010
300 _a841
650 _aComputers
942 _cBK
999 _c9889
_d9889